000 00859cam a2200253 i 4500
001 122735
005 20230410121208.0
008 160721s2010 it r 001 0 ita d
020 _a9788824451789
020 _a8824451780
041 0 _aita
050 1 4 _aJZ 4839
_bC737 2010
245 0 0 _aCompendio di organizzazione internazionale :
_bstoria e diritto delle organizzazioni internazionali, l'Organizzazione delle Nazioni Unite (ONU), gli istituti specializzati dell'ONU, l'Unione europea, le organizzazioni regionali.
250 _a4a ed.
260 _aNapoli :
_bSimone,
_c2010
300 _a350 p. ;
_c21 cm.
440 0 _aI volumi di base,
_v46/1.
500 _aIncludes index.
650 0 _aInternational agencies.
650 0 _aInternational Organizations.
650 4 _aOrganizaciones Internacionales.
942 _2lcc
_cbk
946 _aJaaM
999 _c59855
_d59855